000 00935nas a2200313 4500
001 BR9500120
003 BR-BrBNA
005 20231205093822.0
007 ta
008 230509b bl.|||p| |||| 00| 00por d
040 _aBR-BrBNA
_bpor
_cBiblioteca Nacional de Agricultura
041 _a(Pt)
072 _aL51
100 1 _aBarros, N.N.
100 1 _aMesquita, R.C.M.
100 1 _aSouza Neto, J. de
100 1 _aAlves, J.U.
100 1 _aBarbieri, M.E.
245 1 _aEfeitos de niveis de energia sobre a producao de leite em cabras da raca anglo-nubiana
650 _aCabra Leiteira
650 _aSuplemento Energetico
650 _aNutricao Animal
650 _aProducao Leiteira
650 _aCaatinga
650 _aCeara
773 0 _tPesquisa Agropecuaria Brasileira (Brazil)
_xISSN 0100-204X
_g(Jan 1992), v. 27(1) p. 119-130
_wBR9500120
909 _a202311
_bLúcia
_c55
_dLúcia Elande
942 _2AGRIS
_n0
_cANA
999 _c140549
_d140549